[Event "AUT-chT2W 1718"]
[Site "Austria"]
[Date "2018.01.13"]
[Round "7.4"]
[White "Spornberger, Maximilian"]
[Black "Scheiblmaier, Robert"]
[Result "1-0"]
[WhiteElo "2273"]
[BlackElo "2183"]
[PlyCount "111"]
[EventDate "2017.10.13"]
[EventType "team-tourn"]
[EventRounds "11"]
[EventCountry "AUT"]
[SourceTitle "EXT 2019"]
[Source "ChessBase"]
[SourceDate "2018.10.10"]
[SourceVersion "1"]
[SourceVersionDate "2018.10.10"]
[SourceQuality "1"]
[WhiteTeam "Rochade Rum"]
[BlackTeam "Salzburg ASK"]
[WhiteTeamCountry "AUT"]
[BlackTeamCountry "AUT"]

1. e4 e6 2. d3 d5 3. Nd2 Nf6 4. Ngf3 Be7 5. g3 c5 6. Bg2 Nc6 7. 0-0 0-0 8. e5 Nd7 9. Re1 b5 10. Nf1 a5 11. h4 b4 12. N1h2 Ba6 13. Bf4 a4 14. a3 bxa3 15. bxa3 c4 16. d4 Rb8 17. Ng5 Qe8 18. c3 Rb3 19. Qc2 Bxg5 20. hxg5 Qe7 21. Bc1 Qd8 22. Ng4 Qa5 23. Re3 Rfb8 24. Rf3 Qb5 25. Kh2 Rb1 26. Rxb1 Qxb1 27. Qxa4 Bb5 28. Qd1 Ra8 29. Qd2 Ba4 30. Qf4 Nd8 31. Bd2 Qe4 32. Qxe4 dxe4 33. Re3 Bc2 34. Bc1 Nb6 35. Bxe4 Bxe4 36. Rxe4 Nd5 37. Bb2 Rb8 38. Re2 Rb3 39. Rc2 Nc6 40. Ne3 Nxe3 41. fxe3 Kf8 42. Kg2 Ne7 43. Kf3 Nd5 44. Ke4 Nb6 45. Bc1 g6 46. g4 Na4 47. Bd2 Ke7 48. d5 exd5+ 49. Kxd5 Nb6+ 50. Kd4 Rxa3 51. Rb2 Rb3 52. Ra2 Rb5 53. e4 Ke6 54. Bf4 Kd7 55. Ra7+ Ke6 56. Rc7 1-0

[Event "AUT-chT2W 1718"]
[Site "Austria"]
[Date "2017.10.15"]
[Round "3.3"]
[White "Hausner, Ivan"]
[Black "Spornberger, Maximilian"]
[Result "1-0"]
[WhiteElo "2321"]
[BlackElo "2273"]
[PlyCount "139"]
[EventDate "2017.10.13"]
[EventType "team-tourn"]
[EventRounds "11"]
[EventCountry "AUT"]
[SourceTitle "CBM 181 Extra"]
[Source "ChessBase"]
[SourceDate "2017.12.12"]
[SourceVersion "1"]
[SourceVersionDate "2017.12.12"]
[SourceQuality "1"]
[WhiteTeam "Zillertal"]
[BlackTeam "Rochade Rum"]
[WhiteTeamCountry "AUT"]
[BlackTeamCountry "AUT"]

1. d4 g6 2. e4 Bg7 3. Nc3 d6 4. h4 Nf6 5. Be2 Nc6 6. h5 gxh5 7. Be3 Ng4 8. Rxh5 Nxe3 9. fxe3 a6 10. Bf3 Bd7 11. Nge2 e6 12. Qd2 Qe7 13. 0-0-0 0-0-0 14. Rdh1 h6 15. Nd1 f5 16. exf5 exf5 17. Nf4 Qf6 18. Nc3 Ne7 19. Ncd5 Nxd5 20. Nxd5 Qf7 21. Qb4 c6 22. Nb6+ Kc7 23. Qa5 Kb8 24. Nxd7+ Rxd7 25. Qxf5 Qe8 26. Qd3 d5 27. R5h3 Re7 28. Bh5 Qd7 29. Rf1 Qe6 30. Qg6 Qxg6 31. Bxg6 Rd8 32. Kd2 Rd6 33. Rf7 Rxf7 34. Bxf7 Rf6 35. Rf3 Kc7 36. Kd3 Kd6 37. b3 Ke7 38. Bh5 Kd6 39. Bg4 Rf8 40. c4 b6 41. Bf5 Bf6 42. e4 dxe4+ 43. Bxe4 Be7 44. Bf5 Bg5 45. Bg6 Be7 46. Bf7 Bg5 47. Ke4 Be7 48. Rf5 Bg5 49. g4 Be7 50. b4 Bg5 51. c5+ bxc5 52. bxc5+ Kc7 53. Be6 Re8 54. Ke5 Re7 55. Rf8 Be3 56. Rf6 a5 57. a4 Rg7 58. Rf3 Bg5 59. d5 cxd5 60. Kxd5 Bd2 61. Rf8 Rg5+ 62. Bf5 Bf4 63. Rf7+ Kb8 64. Rh7 Rg8 65. Kc6 Rd8 66. Kb6 Be3 67. Rb7+ Ka8 68. Re7 Bd4 69. Be4+ Kb8 70. Rb7+ 1-0

[Event "Innsbruck op-A 1st"]
[Site "Innsbruck"]
[Date "2017.08.31"]
[Round "7"]
[White "Batyte, Daiva"]
[Black "Spornberger, Maximilian"]
[Result "0-1"]
[WhiteElo "2214"]
[BlackElo "2273"]
[PlyCount "82"]
[EventDate "2017.08.25"]
[EventType "swiss"]
[EventRounds "9"]
[EventCountry "AUT"]
[SourceTitle "CBM 180 Extra"]
[Source "ChessBase"]
[SourceDate "2017.10.06"]
[SourceVersion "1"]
[SourceVersionDate "2017.10.06"]
[SourceQuality "1"]

1. c4 g6 2. g3 Bg7 3. Bg2 d6 4. Nc3 e5 5. d3 Nc6 6. Rb1 Be6 7. b4 Qd7 8. b5 Nd8 9. a4 Rc8 10. Qb3 f5 11. Nf3 h6 12. Nd2 Nf6 13. Ba3 0-0 14. 0-0 g5 15. a5 b6 16. axb6 axb6 17. Bb2 f4 18. Nde4 Nxe4 19. Nxe4 Kh8 20. Rbd1 Nf7 21. d4 exd4 22. Bxd4 Ne5 23. Bxe5 Bxe5 24. Nc3 Bg4 25. Rd2 h5 26. Nd5 Rg8 27. Qd3 Rcf8 28. Bf3 Bh3 29. Bg2 h4 30. Re1 hxg3 31. hxg3 fxg3 32. fxg3 Qg4 33. e4 Kg7 34. Ne7 Rh8 35. Nf5+ Rxf5 36. exf5 Bxg2 37. Rxe5 Bf3 38. f6+ Kxf6 39. Ree2 Qxg3+ 40. Rg2 Qe1+ 41. Qf1 Rh1+ 0-1

[Event "Innsbruck op-A 1st"]
[Site "Innsbruck"]
[Date "2017.08.28"]
[Round "3"]
[White "Erhard, Jakob"]
[Black "Spornberger, Maximilian"]
[Result "1/2-1/2"]
[WhiteElo "2109"]
[BlackElo "2273"]
[PlyCount "143"]
[EventDate "2017.08.25"]
[EventType "swiss"]
[EventRounds "9"]
[EventCountry "AUT"]
[SourceTitle "CBM 180 Extra"]
[Source "ChessBase"]
[SourceDate "2017.10.06"]
[SourceVersion "1"]
[SourceVersionDate "2017.10.06"]
[SourceQuality "1"]

1. e4 e6 2. d4 d5 3. Nc3 Bb4 4. e5 c5 5. a3 Bxc3+ 6. bxc3 Qa5 7. Bd2 Qa4 8. Qg4 g6 9. Nf3 Nc6 10. Be2 c4 11. 0-0 Bd7 12. Ra2 0-0-0 13. Ng5 Rf8 14. Qg3 h6 15. Nh3 Nge7 16. f4 Qa5 17. Qf2 f6 18. exf6 Rxf6 19. Bf3 Rhf8 20. Re1 Nf5 21. Re2 Qb6 22. Re1 R6f7 23. Kh1 Kb8 24. Bg4 Nd6 25. Bf3 Ka8 26. Qe2 Ne7 27. Nf2 h5 28. Nh3 Nef5 29. Ng5 Re7 30. Qe5 Qd8 31. a4 Bc8 32. a5 a6 33. Rb1 Nh4 34. Rb6 Nxf3 35. gxf3 Nf7 36. Nxf7 Rexf7 37. Ra1 Rf5 38. Qg7 g5 39. fxg5 Rxf3 40. Qe5 Rf1+ 41. Rxf1 Rxf1+ 42. Kg2 Qf8 43. Qe2 e5 44. Rf6 Rxf6 45. gxf6 Qxf6 46. Qxe5 Qg6+ 47. Kf2 Qxc2 48. Ke1 Bg4 49. Bf4 Qe4+ 50. Qxe4 dxe4 51. Bc7 b5 52. Kd2 Kb7 53. Bd6 Kc6 54. Bf8 Kd5 55. Ke3 Bf3 56. Bc5 Ke6 57. Kf4 Kf6 58. Bd6 Bg2 59. Bc5 Kf7 60. Bd6 Ke8 61. Bc5 Kd7 62. Bf8 Kc6 63. Bb4 Bf3 64. Bf8 Kd5 65. Bb4 h4 66. Bf8 Bg2 67. Bc5 Kc6 68. Bb4 h3 69. Ke3 Kd7 70. Bc5 Ke6 71. Bb4 Kf5 72. Bc5 1/2-1/2

[Event "Innsbruck op-A 1st"]
[Site "Innsbruck"]
[Date "2017.08.28"]
[Round "4"]
[White "Spornberger, Maximilian"]
[Black "Menezes, Christoph"]
[Result "1/2-1/2"]
[WhiteElo "2273"]
[BlackElo "2395"]
[PlyCount "104"]
[EventDate "2017.08.25"]
[EventType "swiss"]
[EventRounds "9"]
[EventCountry "AUT"]
[SourceTitle "CBM 180 Extra"]
[Source "ChessBase"]
[SourceDate "2017.10.06"]
[SourceVersion "1"]
[SourceVersionDate "2017.10.06"]
[SourceQuality "1"]

1. e4 e5 2. Nf3 Nc6 3. Bc4 Bc5 4. c3 Nf6 5. d3 a6 6. Bb3 d6 7. h3 Ba7 8. Nbd2 0-0 9. Nf1 d5 10. Qe2 d4 11. Ng3 Be6 12. Bc2 Ne8 13. Bg5 Qd7 14. Nh4 Nd6 15. Qf3 f6 16. Bd2 g6 17. c4 b5 18. b3 Qe7 19. Qe2 Nf7 20. Nf3 Bc5 21. Nh2 Bb4 22. h4 Bxd2+ 23. Qxd2 Qb4 24. h5 Rab8 25. Qxb4 Nxb4 26. Kd2 bxc4 27. bxc4 Nxc2 28. Kxc2 Bd7 29. Rab1 Ng5 30. hxg6 hxg6 31. Ne2 Ne6 32. Rxb8 Rxb8 33. Rb1 Ba4+ 34. Kc1 Rxb1+ 35. Kxb1 Nc5 36. Nc1 Bd1 37. Kb2 Kf7 38. Nf1 f5 39. Nd2 Kf6 40. exf5 gxf5 41. Ndb3 Nb7 42. c5 c6 43. Ka3 a5 44. f4 Ke6 45. g3 Kd5 46. fxe5 Kxe5 47. Nd2 Kd5 48. Nc4 Nxc5 49. Nb6+ Ke6 50. Kb2 Kf6 51. Nc4 a4 52. Ka3 Ke7 1/2-1/2

[Event "Innsbruck op-A 1st"]
[Site "Innsbruck"]
[Date "2017.08.26"]
[Round "2"]
[White "Spornberger, Maximilian"]
[Black "Stefanov, Emil"]
[Result "0-1"]
[WhiteElo "2273"]
[BlackElo "2455"]
[PlyCount "138"]
[EventDate "2017.08.25"]
[EventType "swiss"]
[EventRounds "9"]
[EventCountry "AUT"]
[SourceTitle "CBM 180 Extra"]
[Source "ChessBase"]
[SourceDate "2017.10.06"]
[SourceVersion "1"]
[SourceVersionDate "2017.10.06"]
[SourceQuality "1"]

1. e4 e5 2. Nf3 Nc6 3. Bc4 Nf6 4. d4 exd4 5. e5 d5 6. Bb5 Ne4 7. Nxd4 Bc5 8. Be3 0-0 9. Nxc6 bxc6 10. Bxc5 Nxc5 11. Bxc6 Rb8 12. Qxd5 Qe7 13. 0-0 Rxb2 14. Nc3 Rd8 15. Qf3 Ne6 16. Qe3 Rxc2 17. Be4 Rcd2 18. Qxa7 Qg5 19. Qe3 Nf4 20. h4 Qxh4 21. Qg3 Qxg3 22. fxg3 Ng6 23. Bxg6 hxg6 24. Rad1 Bb7 25. Rxd2 Rxd2 26. Rf2 Rd3 27. Nb5 c5 28. Nd6 Bd5 29. Rc2 Rxg3 30. a4 f6 31. Rxc5 Rxg2+ 32. Kf1 Rd2 33. Ke1 Rd4 34. Nb5 Re4+ 35. Kd2 Rxe5 36. Nc7 Bg2 37. Rxe5 fxe5 38. a5 Kf7 39. a6 Ke7 40. a7 Kd7 41. Nb5 Ba8 42. Ke3 Kc6 43. Nc3 Kb6 44. Ne4 Kxa7 45. Nd6 Bd5 46. Ne8 Kb7 47. Nxg7 Kc6 48. Ne8 Kd7 49. Nf6+ Ke6 50. Ng4 Kf5 51. Nf2 g5 52. Nd3 g4 53. Kf2 Ke4 54. Nb4 Bb3 55. Kg3 Bd1 56. Nc6 Bf3 57. Na5 Ke3 58. Nc4+ Kd4 59. Nd6 Kd3 60. Nf5 Ke2 61. Nh6 Kd2 62. Nf5 Kd3 63. Nh4 e4 64. Ng6 e3 65. Ne5+ Ke4 66. Nc4 e2 67. Kf2 g3+ 68. Ke1 g2 69. Nd2+ Kf4 0-1

[Event "AUT-chT2W 1617"]
[Site "Austria"]
[Date "2017.03.03"]
[Round "9.2"]
[White "Dobosz, Henryk"]
[Black "Spornberger, Maximilian"]
[Result "1/2-1/2"]
[WhiteElo "2390"]
[BlackElo "2300"]
[PlyCount "69"]
[EventDate "2016.10.28"]
[EventType "team-tourn"]
[EventRounds "11"]
[EventCountry "AUT"]
[SourceTitle "CBM 177 Extra"]
[Source "ChessBase"]
[SourceDate "2017.04.27"]
[SourceVersion "1"]
[SourceVersionDate "2017.04.27"]
[SourceQuality "1"]
[WhiteTeam "Bregenz II"]
[BlackTeam "Rochade Rum"]
[WhiteTeamCountry "AUT"]
[BlackTeamCountry "AUT"]

1. d4 Nf6 2. c4 g6 3. Nc3 Bg7 4. e4 d6 5. h3 0-0 6. Bg5 c5 7. d5 b5 8. cxb5 a6 9. a4 Qa5 10. Bd2 Qb4 11. Bd3 c4 12. Bc2 Nbd7 13. Rb1 Ne5 14. Na2 Qc5 15. Be3 Qc7 16. Nc3 e6 17. dxe6 Bxe6 18. Nge2 Nd3+ 19. Bxd3 cxd3 20. Qxd3 Bc4 21. Qd2 axb5 22. axb5 Rfe8 23. 0-0 Qb7 24. Rfe1 Nxe4 25. Nxe4 Qxe4 26. Nd4 Bd3 27. Ra1 Bxd4 28. Rxa8 Rxa8 29. Bxd4 Qxd4 30. Re3 Ra1+ 31. Kh2 Qe5+ 32. f4 Qxb5 33. Rxd3 Ra6 34. Rxd6 Rxd6 35. Qxd6 1/2-1/2

[Event "AUT-chT2W 1617"]
[Site "Austria"]
[Date "2017.01.22"]
[Round "8.1"]
[White "Spornberger, Maximilian"]
[Black "De Visser, Leon"]
[Result "1-0"]
[WhiteElo "2300"]
[BlackElo "2258"]
[PlyCount "155"]
[EventDate "2016.10.28"]
[EventType "team-tourn"]
[EventRounds "11"]
[EventCountry "AUT"]
[SourceTitle "CBM 177 Extra"]
[Source "ChessBase"]
[SourceDate "2017.04.27"]
[SourceVersion "1"]
[SourceVersionDate "2017.04.27"]
[SourceQuality "1"]
[WhiteTeam "Rochade Rum"]
[BlackTeam "Goetzis II"]
[WhiteTeamCountry "AUT"]
[BlackTeamCountry "AUT"]

1. e4 c6 2. d4 d5 3. exd5 cxd5 4. Bf4 Nc6 5. c3 Nf6 6. Nd2 Qb6 7. Qb3 Qxb3 8. axb3 e6 9. Ngf3 Be7 10. Bd3 0-0 11. 0-0 Bd7 12. h3 Rfc8 13. Rfe1 Be8 14. Ne5 Nxe5 15. Bxe5 a6 16. Bh2 Bb5 17. Bc2 Bd8 18. f4 Bb6 19. Rac1 Re8 20. Kh1 Rac8 21. Bb1 Bc7 22. Re3 Nh5 23. Rf3 g6 24. g4 Nf6 25. Re1 h5 26. g5 Nd7 27. f5 Bxh2 28. fxg6 fxg6 29. Kxh2 Kg7 30. Rfe3 Nf8 31. Nf3 Re7 32. Ne5 Be8 33. Kg3 a5 34. Nd3 Bf7 35. Nf4 Rd7 36. Rf3 Bg8 37. Ref1 Rf7 38. Re1 Rc6 39. Rfe3 Rfc7 40. Nd3 Rd6 41. Ne5 Bf7 42. Rf3 Be8 43. Rf6 Nh7 44. Bxg6 Nxf6 45. gxf6+ Kxf6 46. Bxe8 h4+ 47. Kxh4 Rg7 48. Rf1+ Ke7 49. Bg6 Rb6 50. Kg5 Rxb3 51. Kh6 Rg8 52. Rf7+ Kd8 53. Kh7 Rxg6 54. Kxg6 Rxb2 55. Rf8+ Ke7 56. Ra8 Rg2+ 57. Kh5 Rg3 58. h4 Rxc3 59. Rxa5 Rb3 60. Ra7 Kf6 61. Ra1 Kf5 62. Kh6 b5 63. h5 b4 64. Kh7 Ra3 65. Rb1 Kg5 66. Rxb4 Ra7+ 67. Kg8 Kxh5 68. Rb6 Ra4 69. Nc6 Kg6 70. Kf8 Kf6 71. Ke8 Ra1 72. Kd7 Kf5 73. Kd6 Ra2 74. Rb1 Ra6 75. Re1 Rb6 76. Re5+ Kf4 77. Rxe6 Kf5 78. Re5+ 1-0

[Event "AUT-chT2W 1617"]
[Site "Austria"]
[Date "2017.01.21"]
[Round "7.1"]
[White "Spornberger, Maximilian"]
[Black "Kantor, Gergely"]
[Result "0-1"]
[WhiteElo "2300"]
[BlackElo "2413"]
[PlyCount "110"]
[EventDate "2016.10.28"]
[EventType "team-tourn"]
[EventRounds "11"]
[EventCountry "AUT"]
[SourceTitle "CBM 177 Extra"]
[Source "ChessBase"]
[SourceDate "2017.04.27"]
[SourceVersion "1"]
[SourceVersionDate "2017.04.27"]
[SourceQuality "1"]
[WhiteTeam "Rochade Rum"]
[BlackTeam "Ranshofen"]
[WhiteTeamCountry "AUT"]
[BlackTeamCountry "AUT"]

1. d4 Nf6 2. Bf4 d5 3. e3 c5 4. c3 Nc6 5. Nd2 Bf5 6. Qb3 Qc8 7. Ngf3 e6 8. Nh4 Bg4 9. h3 Bh5 10. g4 Bg6 11. Nxg6 hxg6 12. Bg2 cxd4 13. exd4 Qd7 14. Qd1 Bd6 15. Qf3 Bxf4 16. Qxf4 0-0 17. 0-0 b5 18. Nf3 Rac8 19. Rac1 Qc7 20. Qe3 Qb6 21. g5 Nh5 22. Nd2 Ne7 23. Bf3 Nf5 24. Qe5 Qd8 25. h4 Nxh4 26. Bg4 Qc7 27. f4 Nf5 28. Rce1 Qxe5 29. fxe5 b4 30. Rf3 bxc3 31. bxc3 Rc6 32. Nb3 Rb8 33. Re2 Nh4 34. Rh3 Nf4 35. Rxh4 Nxe2+ 36. Bxe2 Rxc3 37. Rh2 Rb4 38. Bf1 a5 39. Nxa5 Rxd4 40. Re2 Rg4+ 41. Rg2 Re4 42. Re2 Rxe2 43. Bxe2 Rc2 44. Kf2 Rxa2 45. Nb3 Kf8 46. Nd4 Ke7 47. Ke3 Kd8 48. Nb5 Kd7 49. Nd4 Kc7 50. Nb5+ Kc6 51. Nd4+ Kc5 52. Nb3+ Kb4 53. Nd4 Ra3+ 54. Bd3 Kc5 55. Nb5 Rxd3+ 0-1

[Event "Caldaro Puntay op-A 1st"]
[Site "Caldaro"]
[Date "2016.10.23"]
[Round "5"]
[White "Spornberger, Maximilian"]
[Black "Tirelli, Mauro"]
[Result "1/2-1/2"]
[WhiteElo "2300"]
[BlackElo "2144"]
[PlyCount "118"]
[EventDate "2016.10.21"]
[EventType "swiss"]
[EventRounds "5"]
[EventCountry "ITA"]
[SourceTitle "EXT 2018"]
[Source "ChessBase"]
[SourceDate "2017.10.13"]
[SourceVersion "1"]
[SourceVersionDate "2017.10.13"]
[SourceQuality "1"]

1. e4 e6 2. d3 d5 3. Nd2 Nf6 4. Ngf3 Be7 5. g3 c5 6. Bg2 Nc6 7. 0-0 0-0 8. Re1 b5 9. e5 Nd7 10. Nf1 a5 11. h4 Ba6 12. N1h2 b4 13. Bf4 c4 14. d4 a4 15. a3 c3 16. bxc3 bxc3 17. h5 Na5 18. Ng4 Nc4 19. Qc1 Rb8 20. Bf1 Rb2 21. Bd3 Nd2 22. Nxd2 Bxd3 23. cxd3 cxd2 24. Qxb2 dxe1R+ 25. Rxe1 Qb8 26. Rb1 Qxb2 27. Rxb2 Rb8 28. Rxb8+ Nxb8 29. Bc1 Nc6 30. Bb2 Bd8 31. Ne3 Bb6 32. Nc2 f6 33. Kg2 Kf7 34. f4 g6 35. hxg6+ hxg6 36. g4 f5 37. Bc3 Ba5 38. Bxa5 Nxa5 39. g5 Nc6 40. Kf3 Na7 41. Ke3 Nb5 42. Kd2 Ke7 43. Kc1 Kd7 44. Kb2 Kc7 45. Ne1 Kd7 46. Nc2 Kc7 47. Kc1 Kd7 48. Kd2 Kc7 49. Ne1 Kd7 50. Nc2 Kc7 51. Ke1 Kd7 52. Kf2 Kc7 53. Ke3 Kd7 54. Ke2 Nc3+ 55. Kd2 Nb5 56. Ke3 Ke7 57. Kf2 Kd7 58. Kf3 Ke7 59. Ke3 Kd7 1/2-1/2

[Event "AUT-chT2W 1516"]
[Site "Austria"]
[Date "2015.11.29"]
[Round "5.6"]
[White "Besner, Bernhard"]
[Black "Spornberger, Maximilian"]
[Result "0-1"]
[WhiteElo "2211"]
[BlackElo "2347"]
[PlyCount "146"]
[EventDate "2015.10.16"]
[EventType "team-tourn"]
[EventRounds "11"]
[EventCountry "AUT"]
[SourceTitle "EXT 2017"]
[Source "ChessBase"]
[SourceDate "2016.10.25"]
[SourceVersion "1"]
[SourceVersionDate "2016.10.25"]
[SourceQuality "1"]
[WhiteTeam "Salzburg"]
[BlackTeam "Rochade Rum"]
[WhiteTeamCountry "AUT"]
[BlackTeamCountry "AUT"]

1. e4 e6 2. d4 d5 3. Nd2 Nf6 4. e5 Nfd7 5. Bd3 c5 6. c3 Nc6 7. Ne2 cxd4 8. cxd4 f6 9. exf6 Nxf6 10. 0-0 Bd6 11. Nf3 Qc7 12. g3 0-0 13. Bf4 Ne4 14. Rc1 Bxf4 15. Nxf4 Rxf4 16. gxf4 Qxf4 17. Bxe4 Qxe4 18. Re1 Qf4 19. Qe2 Bd7 20. Qe3 Qg4+ 21. Kh1 Rf8 22. Rc3 g6 23. Rg1 Qe4 24. Rd1 Rf4 25. Kg1 Rg4+ 26. Kh1 Rf4 27. Kg1 Qf5 28. Qd3 Qh5 29. Re1 Qg4+ 30. Kh1 Nxd4 31. Ne5 Qh5 32. Qg3 Ne2 33. Rxe2 Qxe2 34. Nxd7 Rxf2 35. Rc8+ Kg7 36. Qc3+ e5 37. Qxe5+ Qxe5 38. Nxe5 Rxb2 39. a4 Kf6 40. Nd3 Rd2 41. Nc5 b6 42. Nd7+ Kf5 43. Ra8 d4 44. Rxa7 Rb2 45. a5 d3 46. axb6 Rb1+ 47. Kg2 d2 48. Ra5+ Ke6 49. Nc5+ Kf7 50. Ra7+ Kg8 51. Ra8+ Kg7 52. Ra7+ Kh6 53. Rd7 d1Q 54. Rxd1 Rxd1 55. Kf3 Rb1 56. Nd7 Rb4 57. Ke3 Kg5 58. Kd3 Kh4 59. Kc3 Rb1 60. Kc4 Kh3 61. Kc5 Kxh2 62. Nf6 h5 63. Nd5 Rxb6 64. Kxb6 Kg3 65. Kc5 h4 66. Kd4 Kf3 67. Ne3 g5 68. Nf1 g4 69. Kd3 g3 70. Nd2+ Kg2 71. Ke2 h3 72. Nf1 h2 73. Ne3+ Kh3 0-1

[Event "AUT-chT2W 1516"]
[Site "Austria"]
[Date "2015.10.17"]
[Round "2.1"]
[White "Berchtenbreiter, Maximilian"]
[Black "Spornberger, Maximilian"]
[Result "1-0"]
[WhiteElo "2384"]
[BlackElo "2347"]
[PlyCount "62"]
[EventDate "2015.10.16"]
[EventType "team-tourn"]
[EventRounds "11"]
[EventCountry "AUT"]
[SourceTitle "CBM 168 Extra"]
[Source "ChessBase"]
[SourceDate "2015.10.29"]
[SourceVersion "1"]
[SourceVersionDate "2015.10.29"]
[SourceQuality "1"]
[WhiteTeam "Voels/Innsbruck"]
[BlackTeam "Rochade Rum"]
[WhiteTeamCountry "AUT"]
[BlackTeamCountry "AUT"]

1. e4 e6 2. d4 d5 3. Nc3 Bb4 4. e5 c5 5. Bd2 cxd4 6. Nb5 Bc5 7. b4 Bf8 8. Nxd4 Nc6 9. Nxc6 bxc6 10. Nf3 Ne7 11. Bd3 Qc7 12. Qe2 c5 13. bxc5 Nc6 14. c4 d4 15. 0-0 Bxc5 16. Rab1 Ba6 17. Rfe1 h6 18. Qe4 Rc8 19. Bc2 Bxc4 20. Rec1 Bd5 21. Qg4 Kf8 22. Ba4 Bb6 23. Nxd4 Bxd4 24. Qxd4 Kg8 25. Qf4 Kh7 26. Bc2+ g6 27. Ba4 g5 28. Qf6 Qe7 29. Bc2+ Kg8 30. Bd3 Qxf6 31. exf6 Rd8 1-0

[Event "Bergamo op 14th"]
[Site "Bergamo"]
[Date "2015.07.17"]
[Round "1"]
[White "Egli, Urs Martin"]
[Black "Spornberger, Maximilian"]
[Result "1/2-1/2"]
[WhiteElo "2013"]
[BlackElo "2367"]
[PlyCount "107"]
[EventDate "2015.07.17"]
[EventType "swiss"]
[EventRounds "6"]
[EventCountry "ITA"]
[SourceTitle "CBM 167 Extra"]
[Source "ChessBase"]
[SourceDate "2015.09.14"]
[SourceVersion "1"]
[SourceVersionDate "2015.09.14"]
[SourceQuality "1"]

1. e4 e6 2. d3 d5 3. Nd2 c5 4. Ngf3 Nc6 5. Be2 Nf6 6. 0-0 Be7 7. c3 0-0 8. a3 b6 9. Qc2 Bb7 10. Re1 Rc8 11. Qb1 a5 12. a4 Ba6 13. Nf1 Qc7 14. Bg5 Rfd8 15. Bh4 Qb7 16. Qc1 h6 17. e5 Nd7 18. Bxe7 Nxe7 19. Ne3 Ng6 20. Ng4 h5 21. Nh6+ gxh6 22. Qxh6 Ndf8 23. Ng5 Qe7 24. Bxh5 d4 25. Ne4 Nh7 26. Bxg6 fxg6 27. Qxg6+ Kh8 28. Nd6 Rc7 29. c4 Rg8 30. Qh6 Qg5 31. Qxg5 Nxg5 32. Kh1 Nf7 33. Re4 Rg6 34. Rh4+ Kg8 35. Ne8 Rc8 36. Nf6+ Kf8 37. f4 Bb7 38. Rg4 Kg7 39. Kg1 Rh8 40. h3 Bc6 41. b3 Rxg4 42. Nxg4 Kg6 43. Kh2 Kf5 44. Rf1 Rf8 45. Nf6 Kg6 46. g4 Nh6 47. Kg3 Ng8 48. f5+ exf5 49. gxf5+ Kf7 50. Nh7 Re8 51. Ng5+ Kf8 52. Ne6+ Kf7 53. Ng5+ Kf8 54. Ne6+ 1/2-1/2

[Event "Neckar op-A 19th"]
[Site "Deizisau"]
[Date "2015.04.04"]
[Round "4"]
[White "Korneev, Oleg"]
[Black "Spornberger, Maximilian"]
[Result "1-0"]
[WhiteElo "2600"]
[BlackElo "2347"]
[PlyCount "63"]
[EventDate "2015.04.02"]
[EventType "swiss"]
[EventRounds "9"]
[EventCountry "GER"]
[SourceTitle "CBM 165 Extra"]
[Source "ChessBase"]
[SourceDate "2015.04.21"]
[SourceVersion "1"]
[SourceVersionDate "2015.04.21"]
[SourceQuality "1"]

1. e4 e6 2. d4 d5 3. Nd2 Nf6 4. e5 Nfd7 5. Bd3 c5 6. c3 Nc6 7. Ne2 cxd4 8. cxd4 f6 9. exf6 Nxf6 10. 0-0 Bd6 11. Nf3 0-0 12. Bf4 Nh5 13. Bxd6 Qxd6 14. Qd2 a6 15. Qe3 Bd7 16. Ne5 g6 17. a3 Ng7 18. g4 Rac8 19. Rac1 Rc7 20. Kg2 Rfc8 21. h4 Nxe5 22. dxe5 Qe7 23. Rxc7 Rxc7 24. h5 Bb5 25. Bxb5 axb5 26. hxg6 hxg6 27. Qh6 Rc4 28. Qxg6 Qc7 29. b3 Rc2 30. Nd4 Ra2 31. Nxe6 Qxe5 32. Ng5 1-0

[Event "AUT-chT2W 1415"]
[Site "Austria"]
[Date "2014.11.30"]
[Round "5.5"]
[White "Spornberger, Maximilian"]
[Black "Ager, Josef"]
[Result "1-0"]
[WhiteElo "2303"]
[BlackElo "2125"]
[PlyCount "89"]
[EventDate "2014.10.10"]
[EventType "team-tourn"]
[EventRounds "11"]
[EventCountry "AUT"]
[SourceTitle "CBM 163 Extra"]
[Source "ChessBase"]
[SourceDate "2014.12.23"]
[SourceVersion "1"]
[SourceVersionDate "2014.12.23"]
[SourceQuality "1"]
[WhiteTeam "Rum Rochade"]
[BlackTeam "Ranshofen"]
[WhiteTeamCountry "AUT"]
[BlackTeamCountry "AUT"]

1. e4 d6 2. d4 Nf6 3. Nc3 e5 4. Nf3 Nbd7 5. Bc4 Be7 6. 0-0 0-0 7. Re1 c6 8. a4 Qc7 9. h3 h6 10. Ba2 Re8 11. Be3 Bf8 12. Qd3 exd4 13. Qxd4 Ne5 14. Nh4 Be6 15. Bxe6 fxe6 16. f4 Nf7 17. Ng6 Kh7 18. Nxf8+ Rxf8 19. Rad1 a6 20. Qc4 Rfe8 21. b4 Rac8 22. a5 Kg8 23. Bb6 Qb8 24. Qe2 Nd7 25. Bf2 Qc7 26. Rd3 Qd8 27. Rg3 Nf8 28. Qg4 g6 29. h4 Qf6 30. h5 g5 31. Rf1 Nh7 32. fxg5 Nhxg5 33. Be3 Qe7 34. Ne2 e5 35. Qf5 Kh8 36. Qg6 Rg8 37. Bxg5 Nxg5 38. Qxh6+ Nh7 39. Rg6 Rcf8 40. Rxf8 Rxf8 41. Ng3 Rf7 42. Nf5 Qf8 43. Rxd6 Qxh6 44. Rxh6 Kg8 45. Re6 1-0

[Event "AUT-chT2W 1415"]
[Site "Austria"]
[Date "2014.10.12"]
[Round "3.2"]
[White "Koepke, Elena"]
[Black "Spornberger, Maximilian"]
[Result "0-1"]
[WhiteElo "2318"]
[BlackElo "2303"]
[PlyCount "162"]
[EventDate "2014.10.10"]
[EventType "team-tourn"]
[EventRounds "11"]
[EventCountry "AUT"]
[SourceTitle "EXT 2015"]
[Source "ChessBase"]
[SourceDate "2014.11.20"]
[SourceVersion "1"]
[SourceVersionDate "2014.11.20"]
[SourceQuality "1"]
[WhiteTeam "Kufstein/Woergl"]
[BlackTeam "Rum Rochade"]
[WhiteTeamCountry "AUT"]
[BlackTeamCountry "AUT"]

1. e4 e6 2. d4 d5 3. Nd2 Nf6 4. e5 Nfd7 5. c3 c5 6. f4 Nc6 7. Ndf3 cxd4 8. cxd4 a5 9. Bd3 a4 10. Ne2 Nb6 11. 0-0 Be7 12. Nc3 Bd7 13. Qe2 Na5 14. Ng5 g6 15. Qg4 Nbc4 16. Ne2 Qb6 17. Rb1 Nc6 18. Bxc4 dxc4 19. Be3 Nb4 20. Nc3 Nd5 21. Bf2 Bc6 22. Rfd1 Qd8 23. Nge4 h5 24. Qe2 b5 25. a3 Nxf4 26. Qf3 Nd5 27. Ne2 Qd7 28. Rf1 Rf8 29. Be3 Nxe3 30. Qxe3 0-0-0 31. Rbd1 Qb7 32. N2c3 Kb8 33. Rf2 b4 34. axb4 Bxb4 35. Ra1 Qb6 36. Ne2 Rd7 37. Rc1 Qa6 38. Nf6 Rb7 39. Nh7 Rd8 40. Rcf1 Qa7 41. Ng5 Be8 42. Qc1 Rc7 43. Rf3 Ba5 44. Kh1 Bb6 45. Rc3 Bxd4 46. Rxc4 Bxe5 47. Nf3 Bd6 48. Ned4 e5 49. Nc6+ Bxc6 50. Rxc6 Rdc8 51. Rxc7 Qxc7 52. Qd1 Qc6 53. Ng5 f5 54. Nf7 Bc7 55. Qe1 Qb5 56. Qd1 Rf8 57. Ng5 Rd8 58. Qc1 e4 59. Ne6 Qe5 60. Nxc7 Qxc7 61. Qe1 Rd4 62. Qe3 Qd6 63. Qe2 Rd3 64. Qc2 Rd4 65. Qe2 Qc6 66. Qe3 Rc4 67. Rd1 Kb7 68. h3 Rc2 69. Qg5 Ka6 70. Qf4 Ka5 71. Qb8 Rc5 72. Qa7+ Kb5 73. Qb8+ Qb6 74. Qe8+ Rc6 75. Rd8 Qc5 76. Rb8+ Kc4 77. Qf7+ Kd3 78. Rd8+ Ke2 79. Qd7 Qc1+ 80. Kh2 Qf4+ 81. g3 Qf2+ 0-1

[Event "Bergamo op 13th"]
[Site "Bergamo"]
[Date "2014.07.19"]
[Round "4"]
[White "Cattaneo, Marco"]
[Black "Spornberger, Maximilian"]
[Result "1/2-1/2"]
[WhiteElo "2141"]
[BlackElo "2282"]
[PlyCount "60"]
[EventDate "2014.07.18"]
[EventType "swiss"]
[EventRounds "6"]
[EventCountry "ITA"]
[SourceTitle "CBM 161 Extra"]
[Source "ChessBase"]
[SourceDate "2014.08.29"]
[SourceVersion "1"]
[SourceVersionDate "2014.08.29"]
[SourceQuality "1"]

1. g3 g6 2. Bg2 Bg7 3. c4 d6 4. Nc3 e5 5. d3 Nc6 6. Rb1 Be6 7. e3 f5 8. Nge2 Qd7 9. 0-0 Nf6 10. Nd5 0-0 11. b4 Nd8 12. b5 Kh8 13. a4 Rc8 14. Ba3 b6 15. a5 Nxd5 16. cxd5 Bg8 17. a6 Nf7 18. Qc2 h5 19. Rfc1 g5 20. f4 Rfe8 21. Re1 Re7 22. fxg5 Nxg5 23. Rec1 Bh6 24. Qc6 Rf8 25. Qxd7 Rxd7 26. Rf1 Nh7 27. e4 fxe4 28. dxe4 Nf6 29. Bc1 Bxc1 30. Rbxc1 Bh7 1/2-1/2